Économie /

Wedi'i Gadw mewn:
Manylion Llyfryddiaeth
Prif Awdur: Martina, D.
Awduron Eraill: B.martory, Pavoine, J.
Fformat: Sách giấy
Cyhoeddwyd: Paris : Nathan, 1993
Tagiau: Ychwanegu Tag
Dim Tagiau, Byddwch y cyntaf i dagio'r cofnod hwn!
Thư viện lưu trữ: Thư viện Trường Đại học Đà Lạt
LEADER 00593nam a2200265 4500
001 DLU020000805
005 ##1/4/1999
020 # # |a 2.09.176482.5 
041 # # |f re 
082 # # |a 330  |b MA-D 
100 # # |a Martina, D. 
245 # # |a Économie /  |c D. Martina,Martory B., J. Pavoine 
260 # # |a Paris :  |b Nathan,  |c 1993 
300 # # |a 255 tr.;  |c 26 cm. 
700 # # |a B.martory, 
700 # # |a Pavoine, J. 
992 # # |a 6000 
994 # # |a DLU 
900 # # |a False 
911 # # |a Administrator 
925 # # |a G 
926 # # |a A 
927 # # |a SH 
980 # # |a Thư viện Trường Đại học Đà Lạt